| 000 | 00703na a2200229 4500 | ||
|---|---|---|---|
| 001 | 19765 | ||
| 003 | MIRAKIL | ||
| 005 | 20181213154842.0 | ||
| 008 | 161226b tu 000 0 | ||
| 035 | _a19765 | ||
| 040 |
_aMilas _btur _cTR-AnCHP |
||
| 041 | _atur | ||
| 082 |
_aATA 370.9561 _bA72a 1939 |
||
| 090 | _aATA 370.9561 A72a 1939 | ||
| 100 |
_aAtatürk, Mustafa Kemal _d1881-1938 |
||
| 245 |
_aAtatürk'ün maarife ait direktifleri _cMustafa Kemal Atatürk |
||
| 260 |
_aAnkara _bMilli Eğitim Bakanlığı _c1939 |
||
| 300 |
_a42 s. _c24 sm. |
||
| 600 |
_aAtatürk, Mustafa Kemal _d1881-1938 _xEğitim _ySöylev ve demeçler |
||
| 650 |
_aEğitim politikaları _zTürkiye |
||
| 942 |
_2dcc _cBKS |
||
| 999 |
_c2008 _d2008 |
||